[Event "SLO-chT"]
[Site "Bled"]
[Date "1999.11.14"]
[Round "7"]
[White "Supancic, Darko"]
[Black "Perus, Danilo"]
[Result "1-0"]
[WhiteElo "2380"]
[BlackElo "2345"]

1.e4 d6 2.d4 g6 3.Nc3 Bg7 4.Be3 c6 5.a4 d5 6.f3 dxe4 7.fxe4 Nf6 8.Nf3 Qa5
9.Qd2 O-O 10.h3 Na6 11.e5 Nd5 12.Nxd5 Qxd2+ 13.Kxd2 cxd5 14.c3 Bd7 15.Be2 Nc7
16.Ne1 a6 17.Nd3 b5 18.axb5 axb5 19.Nc5 Bc6 20.Rhf1 e6 21.Nd3 Rxa1 22.Rxa1 Ra8
23.Rxa8+ Bxa8 24.Bg5 Bf8 25.Bd8 Na6 26.Ba5 Bc6 27.Ne1 Kg7 28.Nc2 Be7 29.b4 Bg5+
30.Kd1  1-0

[Event "ch-ESP (team) Div 2"]
[Site "Cala Galdana ESP"]
[Date "1999.11.14"]
[Round "7"]
[White "Sion Castro,M"]
[Black "Vassallo,M"]
[Result "1/2-1/2"]
[WhiteElo "2425"]
[BlackElo "2391"]

1.e4 g6 2.d4 Bg7 3.Nc3 d6 4.Be3 a6 5.Qd2 b5 6.a4 b4 7.Nd1 a5 8.c3 bxc3 9.bxc3 Nd7
10.f3 c6 11.Bd3 e5 12.Ne2 Ngf6 13.O-O O-O 14.Bh6 d5 15.Bxg7 Kxg7 16.Nf2 Ba6
17.Bxa6 Rxa6 18.Ng3 dxe4 19.fxe4 h6 20.Rab1 Qc7 21.Qa2  1/2-1/2

[Event "ESP-chT Div 1"]
[Site "Cala Galdana"]
[Date "1999.11.15"]
[Round "8"]
[White "Hernandez, Gilberto"]
[Black "Mowsziszian, Karen"]
[Result "0-1"]
[WhiteElo "2568"]
[BlackElo "2501"]

1.e4 g6 2.d4 Bg7 3.Nc3 d6 4.f4 c6 5.Nf3 Bg4 6.Be3 Qb6 7.Qd2 Nd7 8.O-O-O Qa5
9.Kb1 b5 10.Bd3 Rb8 11.Rhf1 b4 12.Ne2 Ngf6 13.Qe1 c5 14.Qh4 Bxf3 15.Rxf3 c4
16.Bxc4 Nxe4 17.f5 d5 18.Bd3 Nc3+ 19.Nxc3 bxc3 20.b3 Rb4 21.Ka1 Ne5 22.Rh3 Nxd3
23.Rxd3 Qa3 24.Rxc3 Rxd4  0-1

[Event "FSIM November"]
[Site "Budapest HUN"]
[Date "1999.11.16"]
[Round "11"]
[White "Hardicsay,P"]
[Black "Khechumyan,G"]
[Result "1-0"]
[WhiteElo "2304"]
[BlackElo "2332"]

1.e4 d6 2.d4 g6 3.Nc3 Bg7 4.Be3 Nf6 5.h3 a6 6.Nf3 O-O 7.a4 Nc6 8.Bc4 Nxe4
9.Bxf7+ Rxf7 10.Nxe4 e5 11.dxe5 Nxe5 12.Nxe5 Bxe5 13.c3 Bf4 14.Bxf4 Rxf4
15.Qd5+ Kf8 16.O-O Bf5 17.Rfe1 Rxe4 18.Rxe4 c6 19.Qd4 Bxe4 20.Qxe4 Qe7 21.Qd4 Kg8
22.c4 Rf8 23.Rd1 Rf6 24.b3 Kf7 25.Kf1 Qd7 26.Rd3 Qf5 27.Kg1 c5 28.Qe3 Re6
29.Qd2 Ke7 30.Rf3 Qe5 31.Qh6 Qh8 32.Kh2 Kd7 33.g3 Re7 34.h4 Qe8  1-0

[Event "World Seniors"]
[Site "Gladenbach GER"]
[Date "1999.11.16"]
[Round "8"]
[White "Rosen,W"]
[Black "Chepukaitis,G"]
[Result "1/2-1/2"]
[WhiteElo "2276"]
[BlackElo "2396"]

1.e4 g6 2.d4 Bg7 3.Nc3 d6 4.Be3 a6 5.a4 b6 6.Bc4 e6 7.Nf3 h6 8.Qd2 Nd7 9.Rd1 Ne7
10.O-O Bb7 11.Rfe1 Nf6 12.d5 e5 13.h3 Nh5 14.g4 Nf6 15.Qe2 g5 16.Qd3 Ng6
17.Kf1 Nd7 18.Ne2 Nf4 19.Bxf4 exf4 20.Ned4 Bxd4 21.Qxd4 f6 22.Qc3 Ne5 23.Nxe5 fxe5
24.Be2 Ke7 25.Kg2 Kf6 26.Rh1 Qd7 27.h4 Rag8 28.Rh2 h5 29.hxg5+ Rxg5 30.Rdh1 c6
31.Qd3 cxd5 32.exd5 Qf7 33.c4 Bc8 34.f3 Rhg8 35.Kf1 hxg4 36.Rh7 R8g7 37.R7h6+ Ke7
38.fxg4 f3 39.Qxf3 Bxg4 40.Qxf7+ Rxf7+ 41.Ke1 Bxe2 42.Kxe2 Rg2+ 43.Ke3 Rfg7
44.Rh7 a5 45.b3 Rg3+ 46.Ke4 Rg4+ 47.Kd3 Kf8 48.Rxg7 Kxg7 49.Rh3 Kg6 50.Rh8 Rg3+
51.Ke4 Kf6 52.Re8 Kf7 53.Rb8 Rxb3 54.Rb7+ Ke8 55.Kf5 Kd8 56.c5 dxc5 57.d6 Rh3
58.Kxe5 c4 59.Rxb6 c3 60.Rc6 Rh5+  1/2-1/2

[Event "ch-NED (women)"]
[Site "Rotterdam NED"]
[Date "1999.11.16"]
[Round "8"]
[White "Sziva,E"]
[Black "Bosboom Lanchava,T"]
[Result "1/2-1/2"]
[WhiteElo "2290"]
[BlackElo "2297"]

1.e4 g6 2.d4 d6 3.Nc3 Bg7 4.f4 Nf6 5.Nf3 O-O 6.Be2 Na6 7.e5 Ng4 8.h3 Nh6
9.Be3 f6 10.O-O Nf5 11.Bf2 e6 12.Bc4 fxe5 13.fxe5 Nb4 14.a3 Nc6 15.Qe2 dxe5
16.dxe5 Nfd4 17.Nxd4 Nxd4  1/2-1/2

[Event "Extraliga CZE"]
[Site "Ostrava CZE"]
[Date "1999.11.20"]
[Round "3"]
[White "Buchnicek,P"]
[Black "Klima,L"]
[Result "1-0"]
[WhiteElo "2413"]
[BlackElo "2310"]

1.e4 g6 2.d4 Bg7 3.Nc3 d6 4.Be3 a6 5.a4 b6 6.Bc4 c5 7.dxc5 bxc5 8.Bd5 Ra7
9.Bxc5 Rd7 10.Bd4 Nf6 11.a5 e6 12.Bb3 Nc6 13.Bb6 Qe7 14.Nf3 Bb7 15.O-O O-O
16.Qe2 Nh5 17.Qe3 Rc8 18.Rfd1 Ne5 19.Nxe5 Bxe5 20.g3 Nf6 21.f3 Bxc3 22.bxc3 d5
23.e5 Ne8 24.Rd4 Ng7 25.g4 h5 26.h3 Kh7 27.Kg2 Bc6 28.Rb4 Rb7 29.Ba4 Qd7
30.Qd3 Rbb8 31.Ra3 Bxa4 32.Raxa4 Qc6 33.Ra3 Ra8 34.Rab3 hxg4 35.hxg4 Rcb8
36.Rb1 Kg8 37.Qe3 Rc8 38.Bd4 Rc7 39.Qh6  1-0

[Event "Extraliga CZE"]
[Site "Ostrava CZE"]
[Date "1999.11.21"]
[Round "4"]
[White "Vojtek,V"]
[Black "Nedela,V"]
[Result "1-0"]
[WhiteElo "2386"]
[BlackElo "2405"]

1.e4 g6 2.d4 Bg7 3.Nc3 d6 4.f4 a6 5.Nf3 b5 6.Bd3 Bb7 7.Qe2 Qd7 8.Bd2 Nh6
9.a4 b4 10.Nd1 a5 11.Ne3 O-O 12.O-O Ng4 13.Nc4 Nc6 14.c3 d5 15.exd5 Qxd5
16.f5 Rad8 17.h3 Nge5 18.Nfxe5 Nxe5 19.Nxe5 Bxe5 20.Bc4 Qd6 21.fxg6 hxg6
22.Rae1 Bf6 23.Bh6 Rfe8 24.Qg4 Bd5 25.Bf4 Qb6 26.Bb5 Bc6 27.Qg3 Rd7 28.Bc4 e6
29.Kh2 Bg7 30.Be5 Bxa4 31.Bxg7 Kxg7 32.Qe5+ Kg8 33.Rf4 Qd6 34.Rh4 Qxe5+ 35.Rxe5 bxc3
36.bxc3 Ra8 37.d5 exd5 38.Bxd5 c6 39.Bxf7+ Rxf7 40.Rxa4 Rf5 41.Re6 Rc5 42.Rxg6+ Kf7
43.Rg3 Ke6 44.Re3+ Kd6 45.g4 Kc7 46.h4 Kb6 47.c4 Rd8 48.h5 Rd2+ 49.Kg3 Rg5
50.Rb3+ Kc7 51.Kh4 Re5 52.h6 Re1 53.Rxa5 Rh2+ 54.Kg5 Reh1 55.h7 Rxh7 56.Ra7+ Kd6
57.Rxh7 Rxh7 58.Re3 Rg7+ 59.Kh5 Rh7+ 60.Kg6 Rh8 61.Re4 Rg8+ 62.Kf7  1-0

[Event "7th Young Masters"]
[Site "Loures POR"]
[Date "1999.11.23"]
[Round "1"]
[White "Leonardo,J"]
[Black "Vassallo,M"]
[Result "1/2-1/2"]
[WhiteElo "2299"]
[BlackElo "2391"]

1.e4 g6 2.d4 Bg7 3.Nc3 d6 4.Be3 a6 5.Qd2 b5 6.a4 b4 7.Nd1 a5 8.Bd3 Nd7 9.Ne2 Bb7
10.f3 h5 11.c3 bxc3 12.bxc3 Ngf6 13.Nf2 e5 14.O-O c6 15.Rab1 Qc7 16.Kh1 Ba6
17.Bg5 Bxd3 18.Nxd3 O-O 19.Bh6 Rab8 20.Bxg7 Kxg7 21.Nf2 Rxb1 22.Rxb1 Rb8
23.Rf1 d5 24.Qg5 Nh7 25.Qd2 Nhf6 26.Qg5 Nh7 27.Qd2  1/2-1/2

[Event "7th Young Masters"]
[Site "Loures POR"]
[Date "1999.11.26"]
[Round "4"]
[White "Ribeiro,JM"]
[Black "Leonardo,J"]
[Result "0-1"]
[WhiteElo "2280"]
[BlackElo "2299"]

1.d4 d6 2.e4 g6 3.Nc3 Bg7 4.Be3 c6 5.Qd2 Nd7 6.Nf3 b5 7.Rd1 a6 8.Be2 Bb7
9.O-O Qc7 10.h3 Ngf6 11.a3 O-O 12.Bh6 c5 13.Bxg7 Kxg7 14.Nd5 Bxd5 15.exd5 c4
16.Nh2 Nxd5 17.Bf3 N7f6 18.Ng4 Rae8 19.Qh6+ Kg8 20.Qg5 Nxg4 21.Qxd5 Nf6 22.Qb7 Qxb7
23.Bxb7 Rb8 24.Bf3 d5 25.b4 cxb3 26.cxb3 Rbc8 27.Rc1 e6 28.Rfd1 Nd7 29.Kf1 Kg7
30.Ke2 Kf6 31.Kd2 Ke7 32.Be2 Kd6 33.f4 h5 34.g3 Nb6 35.Bd3 Rxc1 36.Rxc1 Rc8
37.Rxc8 Nxc8 38.g4 hxg4 39.hxg4 Ne7 40.Kc3 Nc6 41.g5 Kc7 42.Bc2 a5 43.Kd3 Kb6
44.Ke3 b4 45.a4 Kc7 46.Bd3 Kd8 47.Bb5 Ne7 48.Bd3 Ke8 49.Kf3 Kf8 50.Bc2 Kg7
51.Bd3 Nc8 52.Bc2 Nd6 53.Bd3 f6 54.Bc2 Kf7 55.Bd3 fxg5 56.fxg5 Nf5 57.Bxf5 gxf5
58.Kg3 Kg6  0-1

[Event "Eu Team Ch (women)"]
[Site "Batumi GEO"]
[Date "1999.11.29"]
[Round "1"]
[White "Mihevc,N"]
[Black "Paehtz,E"]
[Result "0-1"]
[WhiteElo "2154"]
[BlackElo "2276"]

1.e4 g6 2.d4 Bg7 3.Nc3 d6 4.Bc4 Nf6 5.Nf3 O-O 6.Qe2 c6 7.O-O b5 8.Bd3 Nfd7
9.e5 dxe5 10.dxe5 Nc5 11.Bf4 Nba6 12.Ne4 Nxd3 13.cxd3 Nb4 14.Qd2 a5 15.Rfd1 Bg4
16.Bh6 Bxf3 17.gxf3 Bxe5 18.Bxf8 Qxf8 19.f4 Bc7 20.Ng3 Rd8 21.Qc3 h5 22.a3 Nd5
23.Qxc6 h4 24.Ne2 Qh6 25.Nc3 Nxf4 26.Qxc7 Qg5+ 27.Kf1 Qg2+ 28.Ke1 Nxd3+ 29.Rxd3 Rxd3
30.Qb8+ Kh7 31.Rd1 Rf3 32.Qb6 Rf6 33.Qd4 Re6+ 34.Kd2 Rd6 35.Ke3 Rxd4 36.Rxd4 Qxh2
37.Ne4 Kg7 38.Rd7 Qh3+  0-1

[Event "Eu Team Ch"]
[Site "Batumi GEO"]
[Date "1999.11.30"]
[Round "2"]
[White "Gadjily,R"]
[Black "Bogdanovski,V"]
[Result "1-0"]
[WhiteElo "2443"]
[BlackElo "2490"]

1.e4 d6 2.d4 g6 3.Nc3 Bg7 4.Nf3 Nf6 5.Be3 c6 6.Qd2 Qa5 7.Bd3 Bg4 8.e5 dxe5
9.Nxe5 Nbd7 10.f4 Rd8 11.h3 Bf5 12.Bxf5 gxf5 13.O-O-O h5 14.Kb1 Nb6 15.Qd3 e6
16.Bd2 Nbd5 17.Ne2 Qc7 18.c4 Ne7 19.Nc3 Rg8 20.Be1 Bh8 21.Qf3 Ng6 22.Bf2 a6
23.Rhe1 Kf8 24.Nxg6+ Rxg6 25.d5 exd5 26.cxd5 cxd5 27.Nxd5 Qc6 28.Ne7 Rxd1+
29.Qxd1 Qc7 30.Nxg6+ fxg6 31.Bd4 Qxf4 32.Bc5+ Kg8 33.Qb3+ Kh7 34.Qf7+ Kh6
35.Be3  1-0

[Event "Belgian Interteams 1999-2000"]
[Site "Antwerp BEL"]
[Date "1999.11.??"]
[Round "5"]
[White "Winants,L"]
[Black "Foisor,C"]
[Result "1-0"]
[WhiteElo "2514"]
[BlackElo "2371"]

1.d4 g6 2.e4 Bg7 3.Nc3 d6 4.Bg5 c6 5.Qd2 Nd7 6.f4 Qb6 7.O-O-O a5 8.Nf3 a4
9.a3 Qa5 10.Bd3 b5 11.e5 d5 12.Na2 Qxd2+ 13.Kxd2 Nf8 14.Nb4 Bd7 15.Bh4 Ne6
16.f5 Bh6+ 17.Kc3 Nf4 18.e6 fxe6 19.fxg6 hxg6 20.Bg3 Nxd3 21.Nxd3 Nf6 22.Nc5 Ng4
23.Ne5 Nxe5 24.Bxe5 Rf8 25.Rdf1 O-O-O 26.h4 g5 27.h5 g4 28.Rxf8 Rxf8 29.Rh4 Rg8
30.b3 axb3 31.cxb3 Bg5 32.Rh1 Bf6 33.h6 Be8 34.h7 Rh8 35.Rh6 Bf7 36.a4 bxa4
37.bxa4 Bxe5 38.dxe5 Kd8 39.a5 g3 40.Kd4 Kc7 41.Ke3 Kd8 42.Kf4 Kc8 43.Kxg3 Kb8
44.Kf4 Ka7 45.Kg5 d4 46.Rh1 d3 47.Nxd3 Bg8 48.hxg8=Q Rxg8+ 49.Kf4 Rxg2 50.Rh7 Ka6
51.Rxe7 Kxa5 52.Rxe6 Kb5 53.Rd6  1-0

[Event "Eu Team Ch (women)"]
[Site "Batumi GEO"]
[Date "1999.12.01"]
[Round "3"]
[White "Dworakowska,J"]
[Black "Gurieli,N"]
[Result "1-0"]
[WhiteElo "2306"]
[BlackElo "2351"]

1.e4 g6 2.d4 Bg7 3.Nc3 d6 4.f4 Nf6 5.Nf3 O-O 6.Be3 b6 7.Qd2 Bb7 8.Bd3 c5
9.d5 a6 10.a4 Qc8 11.Bc4 Nbd7 12.O-O Ng4 13.Bf2 Nxf2 14.Qxf2 Nf6 15.e5 Ng4
16.Qe2 dxe5 17.fxe5 Qf5 18.Rae1 Qf4 19.g3 Qh6 20.Kg2 f6 21.exf6 Nxf6 22.Qxe7 Bc8
23.h4 Qh5 24.d6+ Kh8 25.Ne5 Bf5 26.d7 Nxd7 27.Nxd7 Qg4 28.Nxf8 Qh3+ 29.Kf2 Qh2+
30.Kf3 Rxf8 31.Bf7 h5 32.Ne2 Qh3 33.c3 Be6 34.Nf4 Qg4+ 35.Kg2 Bxf7 36.Ne6 Bxe6
37.Rxf8+ Bxf8 38.Qxf8+ Bg8 39.Qf6+  1-0

[Event "Eu Team Ch (women)"]
[Site "Batumi GEO"]
[Date "1999.12.01"]
[Round "3"]
[White "Koskela,N"]
[Black "Bosboom Lanchava,T"]
[Result "1/2-1/2"]
[WhiteElo "2237"]
[BlackElo "2297"]

1.e4 g6 2.d4 d6 3.Nc3 Bg7 4.Nf3 Nf6 5.h3 O-O 6.Be3 c6 7.a4 Qa5 8.Nd2 d5 9.e5 Ne8
10.Bd3 f6 11.f4 fxe5 12.fxe5 Bf5 13.Bxf5 Rxf5 14.Rf1 Rxf1+ 15.Kxf1 Qd8 16.Nf3 Nc7
17.Qd2 Nd7 18.Bh6 Qf8 19.Bxg7 Qxg7 20.Kg1 Rf8 21.a5 Ne6 22.Ne2 g5 23.Ra3 Kh8
24.Rc3 g4 25.hxg4 Qxg4 26.Nh2 Qh4 27.Nf3 Qg4 28.Nh2 Qh4 29.Nf3 Qg4  1/2-1/2

[Event "Eu Team Ch (women)"]
[Site "Batumi GEO"]
[Date "1999.12.01"]
[Round "3"]
[White "Paehtz,E"]
[Black "Bojkovic,N"]
[Result "0-1"]
[WhiteElo "2276"]
[BlackElo "2424"]

1.e4 d6 2.d4 g6 3.Nc3 Bg7 4.Be3 a6 5.Qd2 b5 6.f3 Bb7 7.Nh3 Nd7 8.Nf2 c5 9.g4 Rc8
10.g5 h6 11.gxh6 Nxh6 12.h4 Ng8 13.dxc5 Nxc5 14.h5 Rxh5 15.Rxh5 gxh5 16.Bh3 e6
17.O-O-O b4 18.Ne2 b3 19.Kb1 Nxe4 20.Nxe4 Bxe4 21.fxe4 Rc5 22.c3 Rxc3 23.Qc2 Qh4
24.Bg2 Qg4 25.Rg1 Qf3 26.Bd2 Nf6 27.Be3  0-1

[Event "Eu Team Ch (women)"]
[Site "Batumi GEO"]
[Date "1999.12.04"]
[Round "5"]
[White "Pokorna,Reg"]
[Black "Gurieli,N"]
[Result "1-0"]
[WhiteElo "2198"]
[BlackElo "2351"]

1.e4 g6 2.d4 Bg7 3.Nc3 d6 4.f4 Nf6 5.Nf3 O-O 6.Bd3 Na6 7.O-O c5 8.d5 Bg4
9.a3 Nc7 10.Qe1 Bxf3 11.Rxf3 e6 12.dxe6 Nxe6 13.Qh4 Nd7 14.Qxd8 Raxd8 15.Nd5 Nd4
16.Rf2 b5 17.c3 Nb3 18.Rb1 c4 19.Bc2 Ndc5 20.Be3 Rd7 21.Rd1 Re8 22.Re2 Kf8
23.Bxc5 Nxc5 24.Kf2 Rb8 25.Kf3 a5 26.Red2 f6 27.Ne3 Ke7 28.Nd5+ Kf7 29.Ne3 Rb6
30.a4 Bf8 31.axb5 Rxb5 32.Nxc4 Rc7 33.Rxd6 a4 34.Rb6 Rxb6 35.Nxb6 Rb7 36.Nxa4 Nxa4
37.Bxa4 Rxb2 38.Rd7+ Be7 39.Rc7 h5 40.Bc6 g5 41.Bd5+ Kf8 42.fxg5 fxg5 43.h3 Bd6
44.Rf7+ Ke8 45.Rf5 Rc2 46.e5 Rxc3+ 47.Ke4 Be7 48.Bf7+ Kd7 49.Bxh5 Rc4+ 50.Kd5 Rc5+
51.Kd4 Rc2 52.Bg4 Kc6 53.Rf7 Bc5+ 54.Kd3 Ra2 55.Bf3+ Kb6 56.Rb7+ Ka6 57.Rg7 Kb5
58.Rxg5 Ra3+ 59.Ke4 Re3+ 60.Kf5 Re1 61.Rg4  1-0

[Event "ch-NED (qualifier KO)"]
[Site "Rotterdam NED"]
[Date "1999.12.04"]
[Round "1.1"]
[White "Burlage,P"]
[Black "Carlier,B"]
[Result "1-0"]
[WhiteElo "2232"]
[BlackElo "2420"]

1.e4 g6 2.d4 Bg7 3.Nc3 d6 4.f4 a6 5.Nf3 b5 6.Bd3 Nd7 7.O-O c5 8.dxc5 Nxc5
9.Qe1 Bb7 10.Bd2 Nf6 11.a3 O-O 12.f5 d5 13.e5 Nfe4 14.fxg6 fxg6 15.Be3 e6
16.Be2 Qe7 17.b4 Nd7 18.Bd4 Rac8 19.Bd3 Rf4 20.Ne2 Rf7 21.Ng3 Ng5 22.Nd2 Rxf1+
23.Ngxf1 Rf8 24.Qe2 Rf4 25.c3 Ne4 26.Nf3 g5 27.h3 h6 28.N1d2 Qd8 29.Kh2 Nxd2
30.Nxd2 Qc7 31.Re1 Bc6 32.Qe3 Qb8 33.Nf3 Re4 34.Bxe4 dxe4 35.Nd2 Nxe5 36.Qg3 Qd6
37.Nxe4 Qd5 38.Nc5 Ng6 39.Bxg7 Kxg7 40.Nxe6+ Kf6 41.Nd4 Bb7 42.Re6+ Kf7 43.Qc7+ Kf8
44.Qc5+  1-0

[Event "ch-NED (qualifier KO)"]
[Site "Rotterdam NED"]
[Date "1999.12.05"]
[Round "1.3"]
[White "Burlage,P"]
[Black "Carlier,B"]
[Result "0-1"]
[WhiteElo "2232"]
[BlackElo "2420"]

1.e4 g6 2.d4 Bg7 3.Nc3 d6 4.f4 a6 5.Nf3 b5 6.Bd3 Nd7 7.O-O c5 8.dxc5 Nxc5
9.Qe1 Bb7 10.a3 Nf6 11.f5 O-O 12.Qh4 d5 13.e5 Nfe4 14.Be3 Nxd3 15.cxd3 Nxc3
16.bxc3 gxf5 17.Ra2 e6 18.Qh3 f6 19.Bd4 fxe5 20.Nxe5 Qc7 21.Re2 Rf6 22.Rf4 Rh6
23.Qe3 Qe7 24.g4 Rf8 25.Rg2 Bc8 26.g5 Rh5 27.Bc5 Qc7 28.Bxf8 Bxe5  0-1

[Event "8th Sonnevanck"]
[Site "Wijk aan Zee NED"]
[Date "1999.12.06"]
[Round "5"]
[White "Middelburg,T"]
[Black "Bosboom,M"]
[Result "0-1"]
[WhiteElo "2326"]
[BlackElo "2476"]

1.e4 g6 2.d4 Bg7 3.Nc3 d6 4.Be3 a6 5.Qd2 Nd7 6.f3 e5 7.h4 h5 8.Bc4 Ngf6 9.Nh3 b5
10.Bb3 exd4 11.Qxd4 O-O 12.Qd2 c5 13.a4 c4 14.Ba2 b4 15.Ne2 b3 16.cxb3 cxb3
17.Bxb3 Rb8 18.Ba2 Nxe4 19.fxe4 Rxb2 20.Qd1 Ne5 21.Nf2 Bg4 22.Bd2 Bf6 23.O-O Bxh4
24.Nxg4 Nxg4 25.Bc3 Bg5 26.Nf4 Bxf4 27.Rxf4 Rxg2+ 28.Kxg2 Ne3+ 29.Kh2 Nxd1
30.Rxd1 Qc7 31.Rd3 d5 32.e5 d4 33.Rfxd4 Qxe5+ 34.Kh3 Kh7 35.Bd5 Qe2 36.Rg3 f5
37.Bf3 Qe6 38.Kh2 Rc8 39.Rd3 h4 40.Rh3 g5 41.Bg2 f4 42.Rd5 Kg6 43.Rhd3 Rxc3
44.Rxc3 g4 45.Be4+ Qxe4  0-1

[Event "Open"]
[Site "Las Palmas ESP"]
[Date "1999.12.07"]
[Round "7"]
[White "Delgado Crespo,M"]
[Black "Ortega Hermida,D"]
[Result "1/2-1/2"]
[WhiteElo "2295"]
[BlackElo "2095"]

1.e4 g6 2.d4 Bg7 3.Nc3 d6 4.Nf3 Nf6 5.Be2 O-O 6.O-O Bg4 7.Be3 Nc6 8.Qd2 e5
9.dxe5 dxe5 10.Rad1 Qc8 11.Qc1 Rd8 12.Rxd8+ Qxd8 13.Rd1 Qe7 14.h3 Bxf3 15.Bxf3 Rd8
16.Rxd8+ Qxd8 17.Qd2 Qxd2 18.Bxd2 Nd4 19.Bd1 c6 20.Be3 Bf8 21.Kf1 b5 22.Ne2 Bc5
23.c3 Ne6 24.Bxc5 Nxc5 25.f3 a5 26.Nc1 Nh5 27.b4 axb4 28.cxb4 Ne6 29.Nd3 f6
30.Bb3 Kf7 31.Nc5 Ng7 32.a4 bxa4 33.Nxa4 Ke7 34.Nb6 Nd4 35.Ba4 Nge6 36.Kf2 Nf4
37.Nc4 Nd3+ 38.Ke3 Nxb4 39.f4 Ke6 40.g4 Nb5 41.fxe5 fxe5 42.Bxb5  1/2-1/2

[Event "FSIMB December"]
[Site "Budapest HUN"]
[Date "1999.12.08"]
[Round "5"]
[White "Sedlak,N"]
[Black "Vadasz,L"]
[Result "1-0"]
[WhiteElo "2284"]
[BlackElo "2275"]

1.e4 g6 2.d4 Bg7 3.Nc3 d6 4.Be3 a6 5.f3 Nd7 6.Qd2 e5 7.Nge2 b5 8.a3 Ngf6
9.O-O-O O-O 10.Bh6 Bb7 11.d5 Rc8 12.h4 Nb6 13.Ng3 c6 14.dxc6 Bxh6 15.Qxh6 Rxc6
16.h5 Qe7 17.Bd3 Rxc3 18.bxc3 Rc8 19.hxg6 fxg6 20.Qg5 Kh8 21.Rxh7+ Qxh7 22.Rh1 Qxh1+
23.Nxh1 Kg7 24.Ng3 Kf7 25.f4  1-0

[Event "Vikings GMB"]
[Site "York ENG"]
[Date "1999.12.15"]
[Round "3"]
[White "Gormally,D"]
[Black "McNab,C"]
[Result "1-0"]
[WhiteElo "2476"]
[BlackElo "2445"]

1.d4 d6 2.e4 g6 3.Nc3 Bg7 4.f4 Nc6 5.Nf3 Bg4 6.Be3 Bxf3 7.gxf3 d5 8.Bb5 e6
9.f5 Bh6 10.Bf2 a6 11.Bxc6+ bxc6 12.fxe6 fxe6 13.Qe2 Ne7 14.Be3 Bxe3 15.Qxe3 Qd6
16.O-O-O O-O 17.Ne2 e5 18.Kb1 exd4 19.Nxd4 c5 20.Ne2 d4 21.Qd3 Nc6 22.f4 Qe6
23.f5 gxf5 24.exf5 Qxf5 25.Qc4+ Kh8 26.Ng3 Qg6 27.Qxc5 Rae8 28.Rhe1 h6 29.Rxe8 Rxe8
30.a3 Kh7 31.Qc4 a5 32.Rf1 Re7 33.Qd5 Qe8 34.Nh5 Kh8 35.Nf6 Qa8 36.Nd7 Re8
37.Qh5  1-0

[Event "ch-ROM"]
[Site "Lasi ROM"]
[Date "1999.12.16"]
[Round "4"]
[White "Parligras,M"]
[Black "Badea,B"]
[Result "1/2-1/2"]
[WhiteElo "2377"]
[BlackElo "2479"]

1.e4 g6 2.d4 d6 3.Nc3 Bg7 4.f4 Nc6 5.Be3 Nf6 6.Nf3 O-O 7.e5 dxe5 8.dxe5 Ng4
9.Bg1 f6 10.Bc4+ Kh8 11.h3 Qxd1+ 12.Rxd1 Nh6 13.Bh2 fxe5 14.Nxe5 Nxe5 15.fxe5 b6
16.Rf1 Bb7 17.Bd5 Rxf1+ 18.Kxf1 Rf8+ 19.Kg1 Ba6 20.g4 Nf7 21.Bxf7 Rxf7 22.e6 Rf8
23.Bxc7 Bc4 24.Rd7 Bxe6 25.Rxe7 Bd4+ 26.Kg2 Bxc3 27.bxc3 Bd5+ 28.Kg3 Kg8
29.Bf4 Rf7 30.Re8+ Rf8 31.Re5 Bxa2 32.Bh6 Ra8 33.Re7 Bf7 34.Rb7 a5 35.Bc1 a4
36.Ba3 Rc8 37.Kf4 Bd5 38.Rxb6  1/2-1/2

[Event "Open"]
[Site "Zadar CRO"]
[Date "1999.12.16"]
[Round "6"]
[White "Filipovic,Br"]
[Black "Loncar,R"]
[Result "0-1"]
[WhiteElo "2420"]
[BlackElo "2429"]

1.e4 d6 2.d4 g6 3.Nc3 Bg7 4.f4 Nd7 5.Nf3 c5 6.d5 a6 7.a4 Ngf6 8.Bd3 O-O 9.O-O Rb8
10.a5 b5 11.axb6 Nxb6 12.Qe1 a5 13.Qh4 Bg4 14.Ng5 h6 15.Nf3 Bxf3 16.Rxf3 Nbd7
17.Qe1 Rb4 18.Nd1 a4 19.c3 Rb8 20.Rxa4 Ra8 21.Rxa8 Qxa8 22.Ne3 Qa1 23.Nc4 Rb8
24.Rf1 Nb6 25.Nxb6 Rxb6 26.Qe2 Qa4 27.Bc4 Nd7 28.Qd3 Rb8 29.b3 Qa8 30.Bb2 Qa2
31.Qc2 Qa7 32.Ra1 Qb7 33.Ra3 g5 34.g3 gxf4 35.gxf4 Kh8 36.h3 Rg8 37.Kh2 Nf6
38.Qe2 e6 39.Ra1 exd5 40.exd5 Re8 41.Qg2 Qe7 42.Rg1 Rg8 43.b4 Qe3 44.Qg3 Qxg3+
45.Rxg3 Ne4 46.Rf3 cxb4 47.Bc1 bxc3 48.Bb3 Bd4 49.Be3 Bxe3 50.Rxe3 Rc8 51.Bc2 Nf6
52.Kg3 Nxd5 53.Re4 Kg7 54.Ra4  0-1

[Event "Open"]
[Site "Zadar CRO"]
[Date "1999.12.16"]
[Round "6"]
[White "Jakic,I"]
[Black "Sale,S"]
[Result "0-1"]
[WhiteElo "2242"]
[BlackElo "2420"]

1.e4 g6 2.d4 Bg7 3.Nc3 d6 4.Be3 c6 5.Qd2 Nd7 6.f3 b5 7.h4 Ngf6 8.g4 h5 9.g5 Nh7
10.f4 Nb6 11.Nf3 O-O 12.b3 a5 13.a4 b4 14.Ne2 Bg4 15.Bg2 Rc8 16.Rd1 Nd7 17.Nh2 Bxe2
18.Qxe2 c5 19.d5 c4 20.O-O Nc5 21.Rb1 Re8 22.f5 Nf8 23.Bf3 Ncd7 24.Bxh5 cxb3
25.cxb3 gxh5 26.Qxh5 Rc3 27.Ng4 Rxe3 28.Nxe3 Qb6 29.Rbe1 Qd4 30.Qf3 Ne5 31.Qg2 Nd3
32.Re2 Be5 33.Kh1 Nf4 34.Rxf4 Bxf4 35.Qf3 Bxe3 36.Rxe3 Rc8 37.Kg2 Rc2+ 38.Re2 Rc3
39.Qg4 Rc1 40.Rf2  0-1

[Event "Young Masters"]
[Site "Groningen NED"]
[Date "1999.12.19"]
[Round "1"]
[White "Florath,P"]
[Black "Nenashev,A"]
[Result "0-1"]
[WhiteElo "2284"]
[BlackElo "2584"]

1.e4 g6 2.d4 Bg7 3.Nc3 d6 4.Nf3 Nf6 5.h3 O-O 6.Be3 Nbd7 7.Be2 c5 8.O-O cxd4
9.Nxd4 a6 10.f4 Qc7 11.Bf3 e5 12.Nb3 b5 13.a3 Bb7 14.Qd2 exf4 15.Bxf4 Ne5
16.Bxe5 dxe5 17.Rad1 Rfd8 18.Qe3 Bf8 19.Kh1 Rac8 20.Rxd8 Rxd8 21.Rd1 Rxd1+
22.Bxd1 Nd7 23.Be2 Nc5 24.Nd5 Bxd5 25.exd5 Na4 26.Qc1 e4 27.c4 Qe5 28.cxb5 Bd6
29.Qg1 Qxb2 30.Bd1 axb5  0-1

[Event "ch-ROM"]
[Site "Lasi ROM"]
[Date "1999.12.20"]
[Round "8"]
[White "Vajda,L"]
[Black "Badea,B"]
[Result "0-1"]
[WhiteElo "2462"]
[BlackElo "2479"]

1.e4 g6 2.d4 Bg7 3.Nc3 d6 4.Be3 a6 5.Qd2 b5 6.h4 h6 7.f4 Nf6 8.e5 b4 9.Nd1 Nd5
10.Bc4 Bb7 11.Nf3 h5 12.O-O a5 13.a3 e6 14.Ng5 Nd7 15.Nf2 Rb8 16.axb4 axb4
17.Nd3 N7b6 18.Bb3 Nxe3 19.Qxe3 Nd5 20.Qd2 O-O 21.Ra7 Ne7 22.f5 Nxf5 23.Rxf5 exf5
24.Qe3 dxe5 25.dxe5 Bd5 26.Bxd5 Qxd5 27.Rxc7 Rbc8  0-1

[Event "ch-ROM (women)"]
[Site "Lasi ROM"]
[Date "1999.12.21"]
[Round "7"]
[White "Ionica,I"]
[Black "Calota,A"]
[Result "1-0"]
[WhiteElo "2211"]
[BlackElo "2096"]

1.e4 g6 2.d4 Bg7 3.Nc3 d6 4.Be3 a6 5.a4 Nf6 6.h3 O-O 7.Nf3 Nc6 8.Be2 e5 9.dxe5 dxe5
10.Bc4 h6 11.Qc1 Nd4 12.Nxe5 Nxe4 13.Nxf7 Rxf7 14.Bxf7+ Kxf7 15.Nxe4 Bf5
16.Bxd4 Qxd4 17.Ng3 Qc4 18.Nxf5 gxf5 19.Ra3 Rd8 20.Re3 Bf6 21.Re2 Bg5 22.Qb1 f4
23.c3 Rd3 24.h4 Bf6 25.h5 Kf8 26.Rh3 f3 27.Rxf3 Rxf3 28.gxf3 Qh4 29.Qf5 Qh1+
30.Kd2 Qh4 31.Qg4 Qg5+ 32.Qxg5 hxg5 33.Kd3 Kf7 34.Ke4 b5 35.axb5 axb5 36.Kf5 c5
37.Re6 Bh8 38.Rb6  1-0

[Event "ch-ROM (women)"]
[Site "Lasi ROM"]
[Date "1999.12.23"]
[Round "9"]
[White "Sasu Ducsoara,An"]
[Black "Calota,A"]
[Result "1-0"]
[WhiteElo "2211"]
[BlackElo "2096"]

1.e4 g6 2.d4 Bg7 3.Nc3 d6 4.f4 c6 5.Nf3 Bg4 6.Be2 Qb6 7.Na4 Qa5+ 8.Nc3 b5
9.O-O b4 10.Nb1 Qb6 11.Be3 Nf6 12.Nbd2 Nbd7 13.Ng5 h6 14.Nc4 Qc7 15.Bxg4 hxg5
16.e5 Nxg4 17.Qxg4 d5 18.Nd2 gxf4 19.Bxf4 e6 20.Bg3 Bh6 21.Nf3 Nb6 22.b3 c5
23.Kh1 Be3 24.Bf2 Bxf2 25.Rxf2 cxd4 26.Raf1 O-O-O 27.Qxd4 Rh5 28.Qxb4 Rdh8
29.h3 Nd7 30.Re2 Nc5 31.Nd2 g5 32.Ref2 R8h7 33.Qb5 Nb7 34.c4 g4 35.cxd5 Rxe5
36.Qe8+ Nd8 37.Qg8 f5 38.d6 Qd7 39.Rc1+ Kb8 40.Rc7 Re1+ 41.Nf1 Qxd6 42.Rxh7 g3
43.Rf3 Rd1 44.Qg7  1-0

[Event "ch-ROM"]
[Site "Lasi ROM"]
[Date "1999.12.25"]
[Round "13"]
[White "Istratescu,A"]
[Black "Badea,B"]
[Result "1-0"]
[WhiteElo "2570"]
[BlackElo "2479"]

1.e4 g6 2.d4 d6 3.Nc3 Bg7 4.f4 Nc6 5.Be3 Nf6 6.Nf3 e6 7.Qd2 O-O 8.O-O-O Ne7
9.e5 Nfd5 10.Nxd5 Nxd5 11.h4 h5 12.Bd3 f5 13.Bf2 Bd7 14.c4 Nb6 15.d5 c6 16.dxe6 Bxe6
17.exd6 Na4 18.Ne5 Qxd6 19.Qc2 b5 20.c5 Qc7 21.b3 Bxe5 22.fxe5 Qxe5 23.Rhe1 Qf4+
24.Qd2 Qxd2+ 25.Rxd2  1-0

[Event "Young Masters"]
[Site "Groningen NED"]
[Date "1999.12.26"]
[Round "7"]
[White "Middelburg,T"]
[Black "Burnett,R"]
[Result "1/2-1/2"]
[WhiteElo "2326"]
[BlackElo "2423"]

1.e4 g6 2.d4 Bg7 3.Nc3 d6 4.Be3 a6 5.Qd2 b5 6.a4 b4 7.Nd1 a5 8.c3 Nf6 9.f3 Ba6
10.Bxa6 Nxa6 11.Bh6 O-O 12.h4 e5 13.h5 bxc3 14.bxc3 exd4 15.cxd4 Nb4 16.Bxg7 Kxg7
17.Ne2 c5 18.d5 c4 19.Nf2 Qe7 20.Qc3 Qe5 21.h6+ Kg8 22.Rc1 Rfc8 23.Qxe5 dxe5
24.Nc3 Nd7 25.Nb5  1/2-1/2

[Event "Young Masters"]
[Site "Groningen NED"]
[Date "1999.12.27"]
[Round "8"]
[White "Volokitin,A"]
[Black "Bokros,A"]
[Result "1/2-1/2"]
[WhiteElo "2307"]
[BlackElo "2405"]

1.e4 g6 2.d4 Bg7 3.Nc3 d6 4.Be3 c6 5.Qd2 b5 6.h4 Nf6 7.f3 h5 8.Bd3 a6 9.Nh3 Bxh3
10.Rxh3 Nbd7 11.Nd1 e5 12.Nf2 d5 13.dxe5 Nxe5 14.O-O-O dxe4 15.Nxe4 Nxd3+
16.Qxd3 Qxd3 17.Nxf6+ Bxf6 18.Rxd3 Rd8 19.Ra3 Ra8 20.Bg5 Bxg5+ 21.hxg5 Kd7
22.Rh4 Rhd8 23.Rf4 Ke7 24.Re3+ Kf8 25.Re6 Kg7 26.Re7 Rf8 27.Rc7 Rae8 28.Rd4 Re2
29.Rdd7 Re1+ 30.Rd1 Re2 31.Rd2 Re1+ 32.Rd1 Re2 33.Rd2  1/2-1/2